| 000 | 00685nam a2200229Ia 4500 | ||
|---|---|---|---|
| 003 | OSt | ||
| 005 | 20220928112620.0 | ||
| 006 | a|||||r|||| 00| 0 | ||
| 007 | ta | ||
| 008 | 220927b |||||||| |||| 00| 0 eng d | ||
| 024 | _a67660 | ||
| 037 | _cTextual | ||
| 040 |
_aSDCL _cSDCL _beng |
||
| 041 |
_2eng _aeng |
||
| 082 | _aX:5171:( Z2), P3 | ||
| 100 |
_aAgarwal V K _9428997 |
||
| 245 | 0 | _aConsumer protection ( Law & Practice) as amended by the consumer protection Amendment Act 2002 (62 of 2002 ). Ed 5. | |
| 260 |
_aNew Delhi _bHLH _c2003 |
||
| 300 |
_alxxii,1059p _ccm. |
||
| 942 |
_hX:5171:( Z2), P3 _cTEXL _2CC |
||
| 999 |
_c745478 _d745478 |
||